U21 Men's World Junior Curling Championship Winners - Statistics

General Stats
  • This quiz has been taken 6 times
  • The average score is 8 of 10
Answer Stats
Answer % Correct
Canada
100%
China
83%
Denmark
83%
Italy
83%
Norway
83%
Sweden
83%
Switzerland
83%
United States
83%
South Korea
67%
Scotland
50%
No matching quizzes found
Score Distribution
Percent of People with Each Score
Percentile by Number Answered
Your Score History
You have not taken this quiz